Central Library OPAC University of Rajshahi

The chemistry and technology of rubber / (Record no. 69115)

MARC details
000 -LEADER
fixed length control field 00716nam a2200229 a 4500
001 - CONTROL NUMBER
control field 69115
003 - CONTROL NUMBER IDENTIFIER
rucl marc code BD-RjUL
005 - DATE AND TIME OF LATEST TRANSACTION
control field 20211209081842.0
008 - FIXED-LENGTH DATA ELEMENTS--GENERAL INFORMATION
fixed length control field 811106r19461937nyua 001 0 eng
035 ## - SYSTEM CONTROL NUMBER
System control number (BD-RjUL)69326
040 ## - CATALOGING SOURCE
Original cataloging agency DLC
Transcribing agency CarP
Modifying agency DLC
-- BD-RjUL
Language of cataloging eng
041 ## - LANGUAGE CODE
Language code of text/sound track or separate title eng
082 ## - DEWEY DECIMAL CLASSIFICATION NUMBER
Edition number 23
Classification number 678.2
Author mark and year CHE 1946
245 14 - TITLE STATEMENT
Title The chemistry and technology of rubber /
Statement of responsibility, etc. Carroll Campbell Davis; John Twiss Blake
260 ## - PUBLICATION, DISTRIBUTION, ETC. (IMPRINT)
Place of publication, distribution, etc. New York :
Name of publisher, distributor, etc. Reinhold publishing corporation,
Date of publication, distribution, etc. 1937 [reprinting 1946]
300 ## - PHYSICAL DESCRIPTION
Pagination 941 p. :
Illustrations ill. ;
Size 24 cm.
500 ## - GENERAL NOTE
General note Includes index
650 #0 - SUBJECT ADDED ENTRY--TOPICAL TERM
Topical term or geographic name as entry element Rubber.
9 (RLIN) 204752
700 1# - ADDED ENTRY--PERSONAL NAME
Personal name Davis, Carroll C.
710 2# - ADDED ENTRY--CORPORATE NAME
Corporate name or jurisdiction name as entry element Blake, John Twiss,
Subordinate unit joint ed.
9 (RLIN) 204754
942 ## - ADDED ENTRY ELEMENTS (KOHA)
Source of classification or shelving scheme Dewey Decimal Classification
Koha item type Books
Holdings
Lost status Source of classification or shelving scheme Damaged status Not for loan Collection code Permanent Location Current Location Shelving location Date acquired Source of acquisition Cost, normal purchase price Total Checkouts Full call number Date last seen Copy number Koha item type
  Dewey Decimal Classification   Not For Loan Non-fiction Central Library, University of Rajshahi Central Library, University of Rajshahi Reading Room 11/02/1958 U. S. Govt. 0.00   678.2 CHE 1946 10/04/2017 C-1 Books